नॉट पेड / (Record no. 56804)

MARC details
000 -LEADER
fixed length control field 01272nam a22002657a 4500
005 - DATE AND TIME OF LATEST TRANSACTION
control field 20110913152830.0
008 - FIXED-LENGTH DATA ELEMENTS--GENERAL INFORMATION
fixed length control field 110913t xxu||||| |||| 00| 0 mar d
010 ## - LCCN (DPL NO)
LC control number MAR-21338
020 ## - INTERNATIONAL STANDARD BOOK NUMBER
Terms of availability 140.00
International Standard Book Number 9788184982855
035 ## - SYSTEM CONTROL NUMBER
System control number MR-13996
037 ## - SOURCE OF ACQUISITION
Source of stock number/acquisition DBAD/PUB
040 ## - CATALOGING SOURCE
Original cataloging agency DPL
Language of cataloging MR
082 ## - DEWEY DECIMAL CLASSIFICATION NUMBER
Classification number 891.46301
100 ## - MAIN ENTRY--PERSONAL NAME
9 (RLIN) 34729
Personal name परसाई,हरिशंकर
245 ## - TITLE STATEMENT
Title नॉट पेड /
Statement of responsibility, etc हरिशंकर परसाई ; उज्ज्वला केळकर द्वारा अनुवादित
246 ## - VARYING FORM OF TITLE
Title proper/short title Note Pad
Remainder of title by Harishankar Parsai
260 ## - PUBLICATION, DISTRIBUTION, ETC. (IMPRINT)
Place of publication, distribution, etc पुणे
Name of publisher, distributor, etc मेहता पब्लिशिंग हाऊस
Date of publication, distribution, etc 2011
270 ## - ADDRESS
City पुणे
Address 1941,सदाशिव पेठ,माडीवाले कॉलनी
Postal code 411030
300 ## - PHYSICAL DESCRIPTION
Extent दहा,140पृ.
Dimensions 21सेमी(अजिल्द)
650 ## - SUBJECT ADDED ENTRY--TOPICAL TERM
Topical term or geographic name as entry element मराठी कथासंग्रह
9 (RLIN) 34785
650 ## - SUBJECT ADDED ENTRY--TOPICAL TERM
Topical term or geographic name as entry element Marathi Short Stories
9 (RLIN) 34786
700 ## - ADDED ENTRY--PERSONAL NAME
Personal name केळकर,उज्जवला
9 (RLIN) 34787
942 ## - ADDED ENTRY ELEMENTS (KOHA)
Source of classification or shelving scheme Dewey Decimal Classification
Item type Marathi Books
Call number suffix परसा
Classification part 891.46301
Holdings
Withdrawn status Lost status Source of classification or shelving scheme Damaged status Not for loan Collection code Home library Current library Date acquired Source of acquisition Cost, normal purchase price Total Checkouts Full call number Barcode Date last seen Copy number Cost, replacement price Koha item type
    Dewey Decimal Classification   Not For Loan Fiction D.B.Act.Division D.B.Act.Division 21/09/2011 DBAD / PUB 140.00   891.46301 परसा MR-13996 21/09/2011 1 140.00 Marathi Books

© Delhi Public Library
Hit Counter
free hit counter